| 000 | 00989nac a22003131u 4500 | ||
|---|---|---|---|
| 003 | EG-ScBUE | ||
| 005 | 20220705091904.0 | ||
| 008 | 200219r20081998enkabc f 000 0 eng d | ||
| 020 | _a0194228665 | ||
| 020 | _a9780194228664 | ||
| 040 |
_aEG-ScBUE _beng _erda _cEG-ScBUE _dEG-ScBUE |
||
| 043 | _ae-ie--- | ||
| 082 | 0 | 4 |
_a428.6 _bVIC _222 |
| 100 | 1 |
_aVicary, Tim, _d1949- _eauthor. |
|
| 245 | 1 | 0 |
_aIreland / _cTim Vicary. |
| 250 | _aReprinted edition. | ||
| 264 | 1 |
_aOxford : _bOxford University Press, _c2008. |
|
| 300 |
_a22 pages : _billustrations (some color), color maps, portraits (some color) ; _c21 cm. |
||
| 336 |
_2rdacontent _atext _btxt |
||
| 337 |
_2rdamedia _aunmediated _bn |
||
| 338 |
_2rdacarrier _avolume _bnc |
||
| 490 | 0 | _aFact files | |
| 650 | 7 |
_aReaders. _2BUEsh |
|
| 650 | 7 |
_aHigh interest-low vocabulary books. _2BUEsh |
|
| 651 | 7 |
_aIreland _vJuvenile literature. _2BUEsh _939747 |
|
| 653 | _bHHUUEENN | ||
| 655 |
_vReading book _934232 |
||
| 942 |
_cBB _2ddc |
||
| 999 |
_c2321 _d2321 |
||